[Event "EM/MLP/01 corr"]
[Site "CADAP corr"]
[Date "2002.09.16"]
[Round "?"]
[White "Cardozo, Carlos"]
[Black "Rosas, Carlos Lins"]
[Result "0-1"]
[WhiteElo "2406"]
[BlackElo "2150"]
[PlyCount "70"]
[EventDate "2003.??.??"]
[EventType "tourn (corr)"]
[EventRounds "14"]
[EventCountry "BRA"]
[SourceTitle "Telechess CBM 096"]
[Source "ChessBase"]
[SourceDate "2003.09.25"]
[SourceVersion "1"]
[SourceVersionDate "2003.09.25"]
[SourceQuality "1"]

1. e4 e5 2. Nf3 Nc6 3. Bb5 a6 4. Ba4 Nf6 5. 0-0 Nxe4 6. d4 b5 7. Bb3 d5 8. dxe5 Be6 9. Nbd2 Nc5 10. c3 d4 11. Bxe6 Nxe6 12. cxd4 Ncxd4 13. Nb3 Nxb3 14. Qxb3 Bc5 15. Rd1 Qe7 16. a4 b4 17. Be3 Bxe3 18. Qxe3 a5 19. Nd4 Nxd4 20. Rxd4 0-0 21. Rc1 Rfd8 22. h3 h6 23. Qe4 c5 24. Rd5 Rac8 25. b3 Rxd5 26. Qxd5 Qe6 27. Qxe6 fxe6 28. Rc4 Kf7 29. Kf1 Ke7 30. Ke2 g5 31. h4 Kd7 32. Rg4 Kc6 33. hxg5 hxg5 34. Rxg5 Kd5 35. Rg4 Rh8 0-1

[Event "EM/MLP/01 corr"]
[Site "CADAP corr"]
[Date "2002.09.16"]
[Round "?"]
[White "Da Rocha, Alexandre Goncalves"]
[Black "Rosas, Carlos Lins"]
[Result "0-1"]
[WhiteElo "2220"]
[BlackElo "2150"]
[PlyCount "46"]
[EventDate "2003.??.??"]
[EventType "tourn (corr)"]
[EventRounds "14"]
[EventCountry "BRA"]
[SourceTitle "Telechess CBM 096"]
[Source "ChessBase"]
[SourceDate "2003.09.25"]
[SourceVersion "1"]
[SourceVersionDate "2003.09.25"]
[SourceQuality "1"]

1. e4 e6 2. d4 d5 3. e5 c5 4. c3 Nc6 5. Nf3 Qb6 6. a3 c4 7. Nbd2 Na5 8. Be2 Bd7 9. 0-0 Ne7 10. Rb1 Qc7 11. Ng5 h6 12. Nh3 0-0-0 13. Nf4 Nb3 14. Nxb3 Ba4 15. Be3 Nf5 16. Qd2 Bxb3 17. Bh5 Kb8 18. Ne2 g6 19. Bf3 Ba4 20. Ng3 Be7 21. Rfe1 Nxe3 22. Qxe3 Bg5 23. Qe2 h5 0-1

[Event "EM/MLP/01 corr"]
[Site "CADAP corr"]
[Date "2002.09.16"]
[Round "?"]
[White "Rosas, Carlos Lins"]
[Black "Da Silva Filho, Alcindo Luz Bastos"]
[Result "1/2-1/2"]
[WhiteElo "2150"]
[BlackElo "2295"]
[PlyCount "43"]
[EventDate "2003.??.??"]
[EventType "tourn (corr)"]
[EventRounds "14"]
[EventCountry "BRA"]
[SourceTitle "Telechess CBM 096"]
[Source "ChessBase"]
[SourceDate "2003.09.25"]
[SourceVersion "1"]
[SourceVersionDate "2003.09.25"]
[SourceQuality "1"]

1. d4 Nf6 2. c4 e6 3. Nc3 Bb4 4. Qc2 c5 5. dxc5 0-0 6. a3 Bxc5 7. Nf3 d5 8. Bg5 d4 9. Bxf6 gxf6 10. 0-0-0 Nc6 11. e3 e5 12. exd4 Nxd4 13. Nxd4 Bxd4 14. Nb5 Bg4 15. f3 Be6 16. Nxd4 exd4 17. Qe4 b5 18. Rxd4 Qb6 19. Bd3 f5 20. Qf4 bxc4 21. Bxc4 Rab8 22. Qg5+ 1/2-1/2